| 000 | 00436cam a2200181ua 4500 | ||
|---|---|---|---|
| 020 | _cRs 5.00 | ||
| 041 |
_ahin _h |
||
| 082 |
_a891.54 _bSHY/SA |
||
| 100 | _aShyam Sundar, Das . | ||
| 245 |
_aShitalochan / _cShyam Sunder Das. _hTextual Documents |
||
| 250 |
_a5 / _b. |
||
| 260 |
_aIndia : _bIndian press pvt ltd , _c1962. |
||
| 300 | _a303 ; . | ||
| 365 | _aRs 5.00 | ||
| 504 | _a | ||
| 942 | _cBK | ||
| 999 |
_c3433 _d3433 |
||